书目信息 |
| 题名: |
科·学·跑·步
|
|
| 作者: | 刘琼 , 闫亚南 著 | |
| 分册: | ||
| 出版信息: | 北京 中国书籍出版社 2022.01 |
|
| 页数: | 234页 | |
| 开本: | 24cm | |
| 丛书名: | ||
| 单 册: | ||
| 中图分类: | G806 , R873 | |
| 科图分类: | ||
| 主题词: | 健身跑--jian shen pao--运动性疾病--损伤--防治--指南 | |
| 电子资源: | ||
| ISBN: | 978-7-5068-8391-7 | |
| 000 | 01311nam 2200313 450 | |
| 001 | 012001003149 | |
| 005 | 20141204130525.0 | |
| 010 | @a978-7-5068-8391-7@dCNY56.00 | |
| 099 | @aCAL 012022010941 | |
| 100 | @a20220905d2022 em y0chiy50 ea | |
| 101 | 0 | @achi |
| 102 | @aCN@b110000 | |
| 105 | @aak a 000yy | |
| 106 | @ar | |
| 200 | 1 | @a科·学·跑·步@Ake ·xue ·pao ·bu@e健身跑如何远离运动损伤@f刘琼, 闫亚南著 |
| 210 | @a北京@c中国书籍出版社@d2022.01 | |
| 215 | @a234页@c图@d24cm | |
| 312 | @a版权页题: 科学跑步 | |
| 320 | @a有书目 (第233-234页) | |
| 330 | @a健身跑, 简便自由、有益身心、人群广泛。跑步同时, 如何远离运动损伤, 备受跑步运动者的关注。本书就困扰跑步运动者的运动损伤进行了全面系统解析, 层层深入地探讨了科学跑步需要做哪些准备、跑步损伤如何预防、初跑者可能会遇到哪些跑步损伤、面对跑步损伤如何正确应对等问题, 为跑步运动者答疑解惑, 以助力跑步运动者更健康、更安全地参与跑步, 更好地享受跑步、感受跑步乐趣。 | |
| 517 | 1 | @a科学跑步@Ake xue pao bu |
| 517 | 1 | @a健身跑如何远离运动损伤@Ajian shen pao ru he yuan li yun dong sun shang |
| 606 | 0 | @a健身跑@Ajian shen pao@x运动性疾病@x损伤@x防治@j指南 |
| 690 | @aG806@v5 | |
| 690 | @aR873@v5 | |
| 701 | 0 | @a刘琼@Aliu qiong@4著 |
| 701 | 0 | @a闫亚南@Ayan ya nan@4著 |
| 801 | 0 | @aCN@bAHXH@c20221111 |
| 905 | @b1374162-6@dG806@e2062@f5 | |
| 科·学·跑·步:健身跑如何远离运动损伤/刘琼, 闫亚南著.-北京:中国书籍出版社,2022.01 |
| 234页:图;24cm |
| ISBN 978-7-5068-8391-7:CNY56.00 |
| 健身跑, 简便自由、有益身心、人群广泛。跑步同时, 如何远离运动损伤, 备受跑步运动者的关注。本书就困扰跑步运动者的运动损伤进行了全面系统解析, 层层深入地探讨了科学跑步需要做哪些准备、跑步损伤如何预防、初跑者可能会遇到哪些跑步损伤、面对跑步损伤如何正确应对等问题, 为跑步运动者答疑解惑, 以助力跑步运动者更健康、更安全地参与跑步, 更好地享受跑步、感受跑步乐趣。 |
| ● |
| 相关链接 |
|
|
|
|
正题名:科·学·跑·步
索取号:G806/2062
 
预约/预借
| 序号 | 登录号 | 条形码 | 馆藏地/架位号 | 状态 | 备注 |
| 1 | 1374162 | 213741628 | 第一样本阅览室/ [索取号:G806/2062] | 在馆 | |
| 2 | 1374163 | 213741637 | 教育系资料室/ [索取号:G806/2062] | 在馆 | |
| 3 | 1374164 | 213741646 | 教育系资料室/ [索取号:G806/2062] | 在馆 | |
| 4 | 1374165 | 213741655 | 第四借阅区/ [索取号:G806/2062] | 在馆 | |
| 5 | 1374166 | 213741664 | 第四借阅区/ [索取号:G806/2062] | 在馆 |